000 00803nas a2200277 4500
001 BR9800693
003 BR-BrBNA
005 20231205100855.0
007 ta
008 230509b bl.|||p| |||| 00| 00por d
040 _aBR-BrBNA
_bpor
_cBiblioteca Nacional de Agricultura
041 _a(Pt)
072 _aF03; J10
100 1 _aMonteiro, M.R.
100 1 _aSilveira, J.F. da
245 1 _aComparacao de recipientes para conservacao de sementes de feijao
650 _aFeijao
650 _aSemente
650 _aGerminacao
650 _aArmazenamento
650 _aTeste de Sementes
650 _aConservacao
773 0 _tRevista Brasileira de Sementes (Brazil)
_xISSN 0101-3122
_g(1982), v. 4(2) p. 47-62
_wBR9800693
909 _a202311
_bLúcia
_c55
_dLúcia Elande
942 _2AGRIS
_n0
_cANA
999 _c158569
_d158569